000 00721nam a2200253Ia 4500
003 OSt
005 20220918174123.0
006 a|||||r|||| 00| 0
007 ta
008 220917b |||||||| |||| 00| 0 eng d
024 _a10,545
037 _cTextual
040 _aARTS
_cARTS
_beng
041 _2eng
_aeng
082 _aO111944:gN5, L9
100 _aJotwani Motilal. ed
_949172
245 0 _aContemporary Indian literature and society by Motilal Jotwani
260 _aNew Delhi
_bHeritage India
_c1979
300 _axi,251p.
_ccm.
500 _aAppendix 213-251p
650 _aINDIAN LITERATURE
942 _hO111944:gN5, L9
_cTEXL
_2CC
999 _c151858
_d151858